• 首页
  • 本馆介绍
  • 公告通知
  • 最新文献
  • 馆藏检索
  • 电子资源
  • 读者导购
  • 参考咨询
  • 我的图书馆
  • 登录
  • 详细信息显示
  • 放入我的书架
  • 预约/预借图书
  • 作者相关作品
  • 分类相关作品
  • 丛书相关作品
  • 出版社相关作品

书目信息

  • 表格格式
  • 工作单格式
  • 卡片格式
题名:
给你一家微企,你能赚钱吗?
    
 
作者: 肖胜平 著
分册:  
出版信息: 北京   清华大学出版社  2014.10
页数: 207页
开本: 26cm
丛书名: 加油微企业系列丛书
单 册:
中图分类: F276.3
科图分类:
主题词: 中小企业--Zhong Xiao Qi Ye--企业管理 , 企业管理--Qi Ye Guan Li
电子资源:
ISBN: 978-7-302-37554-8
000 01167nam0 22002771 450
001 349592
005 20161009085011.92
010    @a978-7-302-37554-8@dCNY35.00
100    @a20141106d2014 em y0chiy50 ea
101 0  @achi
102    @aCN@b110000
105    @ay z 000yy
106    @ar
200 1  @a给你一家微企,你能赚钱吗?@AGei Ni Yi Jia Wei Qi ,Ni Neng Zhuan Qian Ma@e创业策划@f肖胜平著
210    @a北京@c清华大学出版社@d2014.10
215    @a207页@d26cm
225 2  @a加油微企业系列丛书@AJia You Wei Qi Ye Xi Lie Cong Shu
330    @a大部分微企的创立,仅仅是源于创业者的一个创业点子。有了点子就马上动手投入创业,没有客观的市场调查,亦无详细的创业策划,更谈不上具体的商业计划书。如此仓促创立的微企,绝大部分会在三年里倒闭。一个绝佳的商业点子,并不代表创业能够成功。“点子”只是创业的源头,必须围绕“点子”策划出一套“组合拳”,这样的创业胜算更大。
461  0 @12001 @a加油微企业系列丛书
517 1  @a创业策划@AChuang Ye Ce Hua
606 0  @a中小企业@AZhong Xiao Qi Ye@x企业管理
606 0  @a企业管理@AQi Ye Guan Li
690    @aF276.3@v5
701  0 @a肖胜平@AXiao Sheng Ping@4著
801  0 @aCN@bTANGWEI@20160730
905    @b0885785-9@dF276.3@e1282@f5
    
    给你一家微企,你能赚钱吗?:创业策划/肖胜平著.-北京:清华大学出版社,2014.10
    207页;26cm.-(加油微企业系列丛书)
    
    
    ISBN 978-7-302-37554-8:CNY35.00
    大部分微企的创立,仅仅是源于创业者的一个创业点子。有了点子就马上动手投入创业,没有客观的市场调查,亦无详细的创业策划,更谈不上具体的商业计划书。如此仓促创立的微企,绝大部分会在三年里倒闭。一个绝佳的商业点子,并不代表创业能够成功。“点子”只是创业的源头,必须围绕“点子”策划出一套“组合拳”,这样的创业胜算更大。
●
相关链接 在E读中查询图书 在五车中查询图书 在当当中查询图书 在豆瓣中查询图书


正题名:给你一家微企,你能赚钱吗?     索取号:F276.3/1282         预约/预借

序号 登录号 条形码 馆藏地/架位号 状态 备注
1 0885785   208857851   第一样本阅览室/ [索取号:F276.3/1282] 在馆    
2 0885786   208857860   第一借阅区/ [索取号:F276.3/1282] 在馆    
3 0885787   208857879   第一借阅区/ [索取号:F276.3/1282] 在馆    
4 0885788   208857888   第一借阅区/ [索取号:F276.3/1282] 在馆    
5 0885789   208857897   密集书库-海洋学院/ [索取号:F276.3/1282] 在馆    
唐山师范学院图书馆 欢迎您!
大连网信软件有限公司© 版权所有